| 000 | 00811nam a2200265 a 4500 | ||
|---|---|---|---|
| 001 | ASIN1588267857 | ||
| 003 | OSt | ||
| 005 | 20170105102857.0 | ||
| 008 | 130909s2011 xxu eng d | ||
| 020 |
_a1588267857 (hardcover) _c$45.00 |
||
| 020 | _a9788130920627 (hardcover) | ||
| 040 | _a0 | ||
| 050 | 0 | 4 | _aJC495 |
| 082 | 0 | 4 | _a321.9 |
| 100 | 1 | _aFrantz, Erica. | |
| 245 | 1 | 4 |
_aThe politics of dictatorship : _binstitutions and outcomes in authoritarian regimes / _cErica Frantz and Natasha Ezrow. |
| 260 |
_aNew Delhi : _bViva Books, _c2012. |
||
| 300 |
_a133 p. ; _c24 cm. |
||
| 650 | 0 | _aAuthoritarianism | |
| 650 | 0 | _aDictators | |
| 650 | 0 | _aDictatorship | |
| 700 | 1 | _aEzrow, Natasha. | |
| 856 | 4 | 0 |
_3Amazon.com _uhttp://www.amazon.com/exec/obidos/ASIN/1588267857/chopaconline-20 |
| 942 |
_2ddc _cBK |
||
| 999 |
_c14522 _d14522 |
||